000 00351nam a2200133Ia 4500
008 150202s9999 xx 000 0 und d
020 _a804101078
050 _aFIC
_bFIC
100 _aHorton, John.
245 4 _aThe hotel Tarasco /
_cJohn Horton.
260 _aNew York :
_bIvy Books,
_c1987.
300 _a360 pages :
_c18 cm.
650 _aFiction.
999 _c282125
_d282125